000 00629nam a2200217Ia 4500
003 OSt
005 20240913101544.0
008 220927b |||||||| |||| 00| 0 eng d
020 _a039100915X
037 _cTextual
040 _aSDCL
_cSDCL
_beng
041 _2eng
_aeng
082 _aY.51'C M0
100 _aVernant, Jean-Pierre
_9440618
245 0 _aMyth and society in ancient Greece.
260 _aSussex :
_bHarvester Press,
_c1980.
300 _ax,242p.
490 _aEuropean philosophy and the human sciences.
942 _hY.51'C M0
_cTEXL
_2CC
999 _c756176
_d756176